| 000 | 00610 a2200241 4500 | ||
|---|---|---|---|
| 005 | 20260204151502.0 | ||
| 008 | 260204b |||||||| |||| 00| 0 eng d | ||
| 020 |
_a9789390749706 _cRs. 3895.00 |
||
| 040 | _aMAIN | ||
| 082 |
_a595.7 _bD665I |
||
| 100 | _aDodia, D A, ed. | ||
| 245 | _aImmature Insects | ||
| 260 |
_bScientific Publishers _c2025 _aJodhpur |
||
| 300 | _axviii, 436 | ||
| 650 | _aZoology | ||
| 650 | _aArthropoda | ||
| 650 | _aInsects-Entomology | ||
| 700 | _aZala, M B, ed. | ||
| 700 | _aBarad, C S, ed. | ||
| 700 | _aPatel, G M, ed. | ||
| 700 | _aRabari, P H, ed. | ||
| 942 | _cBK | ||
| 999 |
_c395066 _d395066 |
||